Riconosci il Pokémon - Quiz n°759 - Statistics

Statistiche generali
  • Questo quiz è stato fatto 1 volte
  • Il punteggio medio è 3 su 10
Statistiche sulle risposte
Indizio Riposta % Corretto
Stadio evoluzione Forma Base
100%
Tipo Lotta
100%
Generazione Prima
100%
Altezza 0,5 m
0%
Tasso di cattura 190 (35.2%)
0%
Peso 28,0 kg
0%
Sesso 50% ♂, 50% ♀
0%
Pokémon Mankey
0%
Tasso di allevamento Medio-Veloce
0%
Abilità Spiritovivo; Grancollera; Agonismo
0%
Nessun quiz corrispondente trovato
Distribuzione punteggi
Percentuale di utenti per punteggio
Percentile per numero di risposta
I tuoi punteggi nel tempo
Non hai fatto questo quiz